000 00227nam a22000857a 4500
008 161206b xxu||||| |||| 00| 0 eng d
100 _91856
_aSharma, et.al
245 _aMathematics Laboratory Manual
260 _aNew Delhi
_bJiwan
_c2007
999 _c4602
_d4602